00454nam a2200157Ia 4500008004100000020001800041041000800059082001900067100002200086245005500108260004500163300000800208365001300216650004400229700002300273140306s9999 xx 000 0 und d a9780195676969 aeng a658.83bSUN/MA aEaswaran, Sunanda aMarketing Research : Concepts, Practices and cases aNew DelhibOxford University Pressc2006 a605 bRs.335/- aStages in Planning Marketing Researches aSingh, Sharmila J.